| 000 | 00574nam a2200121Ia 4500 | ||
|---|---|---|---|
| 008 | 220615s9999||||xx |||||||||||||| ||und|| | ||
| 100 | _aHlubek, Nikolai||Aquino, Marcio||Sato, Hiroatsu | ||
| 245 | 0 | _aChapter The Concept of the TRANSMIT Prototype –Network Based Service for Mitigation of Ionospheric Threats to GNSS | |
| 546 | _aEnglish[eng] | ||
| 650 | _aEarth sciences, geography, environment, planning | ||
| 856 | _uhttps://library.oapen.org/bitstream/20.500.12657/49119/1/47155.pdf||https://library.oapen.org/bitstream/20.500.12657/49119/1/47155.pdf | ||
| 942 | _cEB | ||
| 999 |
_c14150 _d14150 |
||